004770000a22001450004500020001800000050001100018245003600029260001200065505013500077650002500212001000600237336002700243337003300270338002800303 a9978-45-307-5 4aCD 05510aManual de Informática Moderna aAlabama00aDemos de: Diseño gráfico (Corel Draw, Fireworks, Flash, Autodesk 3DS max) Internet (Dreamweaver 8) Programación (Php, MySql)14aNUEVAS TECNOLOGÍAS14547 atextobtxt2rdacontent 2rdamediaasin mediaciónbn 2rdacarrieravolumenbnc